LIBRARY & INFORMATION CENTRE, KCAET, TAVANUR

ONLINE PUBLIC ACCESS CATALOGUE (OPAC)

Krishi Samkyakam / (Record no. 4611)

MARC details
000 -LEADER
fixed length control field 00283cam a2200109ua 4500
082 ## - DEWEY DECIMAL CLASSIFICATION NUMBER
Classification number 630.51
Item number PRA/KR
100 ## - MAIN ENTRY--AUTHOR NAME
Personal name Prabhakaran, P.V.
245 ## - TITLE STATEMENT
Title Krishi Samkyakam /
260 ## - PUBLICATION, DISTRIBUTION, ETC. (IMPRINT)
Place of publication Thiruvananthapuram :
Name of publisher State Instititute of Languages ,
Year of publication 1978.
300 ## - PHYSICAL DESCRIPTION
Number of Pages 455 ; .
942 ## - ADDED ENTRY ELEMENTS (KOHA)
Koha item type Books
Holdings
Withdrawn status Lost status Damaged status Home library Current library Date acquired Full call number Accession Number Koha item type
      KAUAET   07/04/2012 630.51 14467 Books
      KAUAET   07/04/2012 630.51 14464 Books
      KAUAET   07/04/2012 630.51 14466 Books
      KAUAET   07/04/2012 630.51 14235 Books
      KAUAET   07/04/2012 630.51 14229 Books
      KAUAET   07/04/2012 630.51 14044 Books
      KAUAET   07/04/2012 630.51 14230 Books
      KAUAET   07/04/2012 630.51 14234 Books
      KAUAET   07/04/2012 630.51 14232 Books
      KAUAET KAUAET 07/04/2012 630.51 14465 Books
      KAUAET KAUAET 07/04/2012 630.51 14231 Books
      KAUAET KAUAET 07/04/2012 630.51 14463 Books
      KAUAET KAUAET 07/04/2012 630.51 14228 Books
      KAUAET KAUAET 07/04/2012 630.51 14233 Books
      KAUAET KAUAET 07/04/2012 630.51 14236 Books
      KAUAET KAUAET 25/10/2023 630.51 PRA/KR 14227 Books
free website counter